[Event "SWE-chT 1920 Superettan"]
[Site "Sweden"]
[Date "2020.10.16"]
[Round "7"]
[White "Eriksson, Daniel"]
[Black "Wikstrom, Per"]
[Result "1/2-1/2"]
[WhiteElo "2202"]
[BlackElo "2157"]
[PlyCount "95"]
[EventDate "2019.10.18"]
[EventType "team-tourn"]
[EventRounds "9"]
[EventCountry "SWE"]
[SourceTitle "EXT 2023"]
[Source "ChessBase"]
[SourceDate "2022.10.05"]
[SourceVersion "1"]
[SourceVersionDate "2022.10.05"]
[SourceQuality "1"]
[WhiteTeam "Stockholm Rockaden II"]
[BlackTeam "Norrkoping Schack 08"]
[WhiteTeamCountry "SWE"]
[BlackTeamCountry "SWE"]

1. e4 e6 2. d4 d5 3. e5 c5 4. c3 Bd7 5. Nf3 Qa5 6. dxc5 Qxc5 7. Bd3 Qc7 8. 0-0 Nc6 9. Qe2 h6 10. Re1 a6 11. Nd4 Nge7 12. Na3 Nxd4 13. cxd4 Qb6 14. Be3 Nf5 15. Bxf5 exf5 16. Rac1 Bb4 17. e6 Bxe6 18. Nc4 Qd8 19. Bd2 Bxd2 20. Nxd2 0-0 21. Nf3 Qa5 22. a3 Rac8 23. Ne5 Rc7 24. Rxc7 Qxc7 25. Nd3 Qc4 26. Qe3 Qb3 27. h4 Rc8 28. Nc5 Qxe3 29. Rxe3 Rc6 30. Nxb7 Rb6 31. Nc5 Rxb2 32. g3 Rb6 33. Kg2 g5 34. hxg5 hxg5 35. Kf3 Kg7 36. Rc3 Kf6 37. Nd3 a5 38. Nc5 Rb2 39. Nb3 a4 40. Nc5 f4 41. gxf4 g4+ 42. Ke3 Kf5 43. Nxa4 Rb1 44. Nc5 Re1+ 45. Kd2 Ra1 46. Ke3 Re1+ 47. Kd2 Ra1 48. Ke3 1/2-1/2

[Event "SWE-chT 1920 Superettan"]
[Site "Sweden"]
[Date "2020.02.01"]
[Round "5"]
[White "Wikstrom, Per"]
[Black "Sorensen, Hampus"]
[Result "0-1"]
[WhiteElo "2157"]
[BlackElo "2319"]
[PlyCount "88"]
[EventDate "2019.10.18"]
[EventType "team-tourn"]
[EventRounds "9"]
[EventCountry "SWE"]
[SourceTitle "EXT 2023"]
[Source "ChessBase"]
[SourceDate "2022.10.05"]
[SourceVersion "1"]
[SourceVersionDate "2022.10.05"]
[SourceQuality "1"]
[WhiteTeam "Norrkoping Schack 08"]
[BlackTeam "Pelaro Alingsas"]
[WhiteTeamCountry "SWE"]
[BlackTeamCountry "SWE"]

1. d4 d5 2. Bf4 Nf6 3. e3 c5 4. c3 Nc6 5. Nd2 e6 6. Ngf3 Be7 7. Bd3 Nh5 8. Bg3 Nxg3 9. hxg3 h6 10. Qe2 a6 11. Ne5 Nxe5 12. dxe5 Qc7 13. f4 Bd7 14. a3 a5 15. Nf3 a4 16. g4 0-0-0 17. c4 dxc4 18. Bxc4 b5 19. Bd3 Bc6 20. Kf2 Qb6 21. Rad1 c4 22. Bc2 Bc5 23. Rxd8+ Rxd8 24. Rd1 Rxd1 25. Bxd1 Be4 26. Qd2 g5 27. g3 Qd8 28. Qxd8+ Kxd8 29. Nd4 b4 30. Bxa4 Bxd4 31. exd4 c3 32. bxc3 bxa3 33. Bb3 Bb1 34. d5 a2 35. Bxa2 Bxa2 36. dxe6 Bxe6 37. f5 Bb3 38. Ke3 Bd1 39. c4 Bxg4 40. Ke4 h5 41. c5 Kd7 42. e6+ fxe6 43. f6 Bf5+ 44. Ke5 Bg6 0-1

[Event "SWE-chT 0708"]
[Site "Sweden"]
[Date "2008.02.23"]
[Round "8"]
[White "Wikstrom, Per"]
[Black "Blomqvist, Erik"]
[Result "1-0"]
[WhiteElo "2181"]
[BlackElo "2379"]
[PlyCount "89"]
[EventDate "2007.10.19"]
[EventType "team"]
[EventRounds "11"]
[EventCountry "SWE"]
[SourceTitle "EXT 2009"]
[Source "ChessBase"]
[SourceDate "2008.11.26"]
[SourceVersion "1"]
[SourceVersionDate "2008.11.26"]
[SourceQuality "1"]
[WhiteTeam "Vasteras"]
[BlackTeam "Stockholm Rockaden"]
[WhiteTeamCountry "SWE"]
[BlackTeamCountry "SWE"]

1. d4 d5 2. Nf3 Nf6 3. Bf4 e6 4. e3 Bd6 5. Bg3 Nc6 6. Nbd2 0-0 7. a3 h6 8. c4 Bxg3 9. hxg3 Re8 10. Be2 e5 11. dxe5 Nxe5 12. Nxe5 Rxe5 13. Nf3 Re7 14. Qc2 dxc4 15. Bxc4 Be6 16. Rd1 Qc8 17. Rh4 Bf5 18. Bd3 Bg4 19. Bc4 c5 20. Rc1 b6 21. Kf1 Kf8 22. Nh2 Bf5 23. Bd3 Bxd3+ 24. Qxd3 Qe8 25. Nf3 Rd8 26. Qc4 Ne4 27. Kg1 Re6 28. b4 Kg8 29. bxc5 bxc5 30. Qc2 g5 31. Rxe4 Rxe4 32. Qxc5 Qe7 33. Qa5 Rb8 34. Nd4 Rxe3 35. Nc6 Qe8 36. Nxb8 Re5 37. Qxa7 Kg7 38. Nc6 Re6 39. Qd4+ Kh7 40. Qd5 Qc8 41. a4 Qa6 42. Qb5 Qc8 43. a5 Rd6 44. a6 Rd7 45. a7 1-0

[Event "SWE-chT 0708"]
[Site "Sweden"]
[Date "2008.02.02"]
[Round "7"]
[White "Lindberg, Henrik"]
[Black "Wikstrom, Per"]
[Result "1-0"]
[WhiteElo "2288"]
[BlackElo "2181"]
[PlyCount "123"]
[EventDate "2007.10.19"]
[EventType "team"]
[EventRounds "11"]
[EventCountry "SWE"]
[SourceTitle "EXT 2009"]
[Source "ChessBase"]
[SourceDate "2008.11.26"]
[SourceVersion "1"]
[SourceVersionDate "2008.11.26"]
[SourceQuality "1"]
[WhiteTeam "Upsala"]
[BlackTeam "Vasteras"]
[WhiteTeamCountry "SWE"]
[BlackTeamCountry "SWE"]

1. e4 e6 2. d4 d5 3. Nc3 Nf6 4. Bg5 Be7 5. e5 Nfd7 6. Bxe7 Qxe7 7. Nf3 a6 8. Bd3 b6 9. 0-0 c5 10. Re1 Bb7 11. Nb1 Nc6 12. c3 g5 13. Na3 g4 14. Nd2 h5 15. Nc2 0-0-0 16. b4 c4 17. Bxc4 dxc4 18. Nxc4 Kb8 19. a4 Qg5 20. Nd6 Ndxe5 21. dxe5 Nxe5 22. Qc1 Nf3+ 23. gxf3 Qg6 24. Re5 Rxd6 25. Qf4 Rhd8 26. Nd4 Ka8 27. fxg4 hxg4 28. Rae1 Qh7 29. Rg5 f6 30. Qxf6 Qh3 31. f3 gxf3 32. Rg3 Qh5 33. Nxf3 Bxf3 34. Qxf3+ Qxf3 35. Rxf3 Rg8+ 36. Rg3 Re8 37. Rg6 Rd3 38. Rexe6 Rxe6 39. Rxe6 Rxc3 40. Rxb6 Ka7 41. a5 Rc8 42. h3 Rg8+ 43. Kh2 Rh8 44. Rg6 Kb7 45. Kg3 Rd8 46. Rb6+ Ka7 47. h4 Rg8+ 48. Kh3 Rh8 49. Rg6 Rh7 50. Kg4 Rb7 51. Rb6 Rg7+ 52. Kf5 Rh7 53. Kg5 Rg7+ 54. Kh6 Rg8 55. h5 Rh8+ 56. Kg6 Rg8+ 57. Kh7 Rg4 58. h6 Rg1 59. Rg6 Rd1 60. Rg7+ Kb8 61. Kg6 Rd6+ 62. Kg5 1-0

[Event "SWE-chT 0708"]
[Site "Sweden"]
[Date "2008.01.12"]
[Round "6"]
[White "Landgren, Andreas"]
[Black "Wikstrom, Per"]
[Result "1/2-1/2"]
[WhiteElo "2213"]
[BlackElo "2175"]
[PlyCount "73"]
[EventDate "2007.10.19"]
[EventType "team"]
[EventRounds "11"]
[EventCountry "SWE"]
[SourceTitle "EXT 2009"]
[Source "ChessBase"]
[SourceDate "2008.11.26"]
[SourceVersion "1"]
[SourceVersionDate "2008.11.26"]
[SourceQuality "1"]
[WhiteTeam "Solna"]
[BlackTeam "Vasteras"]
[WhiteTeamCountry "SWE"]
[BlackTeamCountry "SWE"]

1. d4 d5 2. c4 c6 3. Nf3 e6 4. Nc3 f5 5. Bf4 Nf6 6. e3 Bd6 7. Bd3 0-0 8. 0-0 Ne4 9. Rc1 Qe7 10. c5 Bxf4 11. exf4 b6 12. Na4 bxc5 13. Nxc5 Nd7 14. Nxd7 Bxd7 15. Ne5 Rfc8 16. Qa4 Be8 17. Bxe4 dxe4 18. Rc5 Rab8 19. b3 Qd6 20. Rfc1 Rd8 21. R1c4 Rb5 22. Qxa7 Rxc5 23. Qxc5 Qxc5 24. Rxc5 Rxd4 25. Kf1 Rd2 26. a4 Rb2 27. Rc3 Kf8 28. f3 exf3 29. gxf3 Ke7 30. Ke1 Rxh2 31. Nxc6+ Kd6 32. Ne5 Ra2 33. Rc8 Ke7 34. Rc7+ Kf6 35. Rc8 Ke7 36. Rc7+ Kf6 37. Rc8 1/2-1/2

[Event "Gausdal Classics IM-A"]
[Site "Gausdal"]
[Date "2002.04.15"]
[Round "6"]
[White "Wikstrom, Per"]
[Black "Harestad, Hans Krogh"]
[Result "0-1"]
[WhiteElo "2255"]
[BlackElo "2186"]
[PlyCount "94"]
[EventDate "2002.04.11"]
[EventType "tourn"]
[EventRounds "9"]
[EventCountry "NOR"]
[EventCategory "2"]
[SourceTitle "CBM 087 Extra"]
[Source "ChessBase"]
[SourceDate "2002.05.03"]
[SourceVersion "2"]
[SourceVersionDate "2002.08.09"]
[SourceQuality "1"]

1. d4 Nf6 2. Nf3 g6 3. Bf4 Bg7 4. e3 d6 5. h3 0-0 6. Nbd2 Nfd7 7. c3 e5 8. dxe5 dxe5 9. Bh2 Nc6 10. Bc4 Qe7 11. Qc2 Nb6 12. Be2 Bf5 13. e4 Be6 14. b4 f6 15. 0-0 a5 16. a3 Rfd8 17. Nb3 Nd7 18. Bb5 Qf7 19. Nfd2 a4 20. Nc1 Bh6 21. f4 Nb6 22. Nd3 Na7 23. c4 c6 24. c5 Nxb5 25. cxb6 Bb3 26. Nxb3 axb3 27. Qe2 Qc4 28. fxe5 Qxd3 29. Qg4 Qd7 30. Qf3 Nd4 31. Qd3 fxe5 32. Bxe5 Bg7 33. Bc7 Rf8 34. Kh1 Qe6 35. Rxf8+ Rxf8 36. Rb1 Rf2 37. a4 b2 38. a5 Rc2 39. a6 Rc1+ 40. Kh2 Be5+ 41. g3 Qf7 42. Kg2 Rc2+ 43. Qxc2 Nxc2 44. Bxe5 Ne3+ 45. Kg1 Qf3 46. Rxb2 Qf1+ 47. Kh2 Qxa6 0-1

[Event "Gausdal Classics IM-A"]
[Site "Gausdal"]
[Date "2002.04.14"]
[Round "4"]
[White "Wikstrom, Per"]
[Black "Bosch, Jeroen"]
[Result "0-1"]
[WhiteElo "2255"]
[BlackElo "2454"]
[PlyCount "68"]
[EventDate "2002.04.11"]
[EventType "tourn"]
[EventRounds "9"]
[EventCountry "NOR"]
[EventCategory "2"]
[SourceTitle "CBM 087 Extra"]
[Source "ChessBase"]
[SourceDate "2002.05.03"]
[SourceVersion "2"]
[SourceVersionDate "2002.08.09"]
[SourceQuality "1"]

1. Nf3 d6 2. e4 c5 3. d4 cxd4 4. Nxd4 Nf6 5. Nc3 Bd7 6. g3 e5 7. Nb3 Bc6 8. Bg2 Be7 9. 0-0 0-0 10. Be3 Nbd7 11. f4 Re8 12. f5 b5 13. Qe2 a6 14. Nd5 Bxd5 15. exd5 Nb6 16. Rad1 Nc4 17. Bc1 Qb6+ 18. Kh1 Rac8 19. g4 h6 20. h4 Nh7 21. Qe1 Qd8 22. f6 Bxf6 23. Rxf6 Nxf6 24. g5 Ng4 25. Be4 h5 26. Bf5 g6 27. Bxg4 hxg4 28. Qe2 f5 29. gxf6 Qxf6 30. Qxg4 Qf5 31. Qg2 Rf8 32. Bh6 Rf7 33. Rg1 Kh7 34. Bg5 Qf3 0-1

[Event "Gausdal Classics IM-A"]
[Site "Gausdal"]
[Date "2002.04.12"]
[Round "2"]
[White "Wikstrom, Per"]
[Black "Richards, Heather"]
[Result "1/2-1/2"]
[WhiteElo "2255"]
[BlackElo "2209"]
[PlyCount "43"]
[EventDate "2002.04.11"]
[EventType "tourn"]
[EventRounds "9"]
[EventCountry "NOR"]
[EventCategory "2"]
[SourceTitle "CBM 087 Extra"]
[Source "ChessBase"]
[SourceDate "2002.05.03"]
[SourceVersion "2"]
[SourceVersionDate "2002.08.09"]
[SourceQuality "1"]

1. d4 e6 2. Nf3 Nf6 3. Bf4 c5 4. e3 b6 5. Nbd2 Be7 6. h3 Bb7 7. Bd3 cxd4 8. exd4 d6 9. 0-0 0-0 10. Re1 Re8 11. Bh2 Nbd7 12. a4 a6 13. c3 Qc7 14. Qe2 Bf8 15. Qf1 Qc8 16. Nc4 Bxf3 17. gxf3 Qc6 18. Nd2 Qb7 19. Nc4 Qd5 20. f4 g6 21. f3 Qc6 22. Ne3 1/2-1/2

[Event "Gausdal Classics IM-A"]
[Site "Gausdal"]
[Date "2002.04.11"]
[Round "1"]
[White "Trygstad, Kristian J"]
[Black "Wikstrom, Per"]
[Result "1-0"]
[WhiteElo "2313"]
[BlackElo "2255"]
[PlyCount "79"]
[EventDate "2002.04.11"]
[EventType "tourn"]
[EventRounds "9"]
[EventCountry "NOR"]
[EventCategory "2"]
[SourceTitle "CBM 087 Extra"]
[Source "ChessBase"]
[SourceDate "2002.05.03"]
[SourceVersion "2"]
[SourceVersionDate "2002.08.09"]
[SourceQuality "1"]

1. e4 e6 2. d4 d5 3. Nc3 Nf6 4. e5 Nfd7 5. Nce2 c5 6. f4 cxd4 7. Nxd4 Nc6 8. Ngf3 Bc5 9. c3 a6 10. Be3 Qe7 11. Bd3 f6 12. Qe2 Ba7 13. 0-0 Nc5 14. Bc2 Bd7 15. Nxc6 bxc6 16. b4 Nb7 17. Bxa7 Rxa7 18. exf6 gxf6 19. Nd4 c5 20. bxc5 Nxc5 21. Rae1 Kd8 22. c4 Re8 23. cxd5 exd5 24. Qd2 Qd6 25. Rxe8+ Kxe8 26. Bxh7 Bc8 27. Bg6+ Kd8 28. Rd1 Rc7 29. Qe1 Bd7 30. Nf5 Qb6 31. Rb1 Bb5 32. Qe3 Na4 33. Qxb6 Nxb6 34. h4 Nd7 35. h5 Bd3 36. h6 Rc8 37. Rd1 Nc5 38. Nh4 Bc4 39. Bf5 Rb8 40. h7 1-0

[Event "Gausdal Classics IM-B"]
[Site "Gausdal"]
[Date "2001.04.15"]
[Round "1"]
[White "Wikstrom, Per"]
[Black "Ostmoe, Geir S Tallaksen"]
[Result "1/2-1/2"]
[WhiteElo "2244"]
[BlackElo "2233"]
[PlyCount "82"]
[EventDate "2001.04.15"]
[EventType "tourn"]
[EventRounds "9"]
[EventCountry "NOR"]
[EventCategory "2"]
[SourceTitle "CBM 082 Extra"]
[Source "ChessBase"]
[SourceDate "2001.07.03"]
[SourceVersion "1"]
[SourceVersionDate "2001.07.03"]
[SourceQuality "1"]

1. e4 e5 2. Nf3 Nc6 3. Bb5 Nge7 4. 0-0 g6 5. c3 Bg7 6. d4 exd4 7. cxd4 d5 8. exd5 Nxd5 9. Re1+ Be6 10. Bg5 Qd6 11. Nc3 0-0 12. a3 Nce7 13. Qd2 Nf5 14. Ne5 Nxc3 15. bxc3 f6 16. g4 Nxd4 17. Qxd4 Qxd4 18. cxd4 fxe5 19. h3 c6 20. Bf1 Rae8 21. Rab1 Rf7 22. dxe5 Bd5 23. e6 Rxe6 24. Rxe6 Bxe6 25. Re1 Bd5 26. Re8+ Rf8 27. Re7 b5 28. Be3 a5 29. Ra7 b4 30. axb4 axb4 31. Bc5 Rb8 32. Bd6 Rc8 33. Ba6 Rd8 34. Bxb4 Bd4 35. Rc7 Ra8 36. Rc8+ Rxc8 37. Bxc8 c5 38. Ba3 Kf7 39. Ba6 Kf6 40. Bc1 Ke5 41. Kf1 Bf3 1/2-1/2

[Event "SWE-chT 0001"]
[Site "Sweden"]
[Date "2000.10.13"]
[Round "1"]
[White "Tikkanen, Hans"]
[Black "Wikstrom, Per"]
[Result "1-0"]
[WhiteElo "2272"]
[BlackElo "2289"]
[PlyCount "83"]
[EventDate "2000.10.13"]
[EventType "team"]
[EventRounds "11"]
[EventCountry "SWE"]
[SourceTitle "EXT 2006"]
[Source "ChessBase"]
[SourceDate "2005.11.24"]
[SourceVersion "1"]
[SourceVersionDate "2005.11.24"]
[SourceQuality "1"]
[WhiteTeam "Lunds"]
[BlackTeam "Norrkoping Schack 08"]
[WhiteTeamCountry "SWE"]
[BlackTeamCountry "SWE"]

1. d4 d5 2. c4 c6 3. Nf3 e6 4. Nc3 dxc4 5. a4 Bb4 6. e4 b5 7. axb5 cxb5 8. Bd2 Qb6 9. Qb1 Bb7 10. Be2 Nf6 11. e5 Bxc3 12. bxc3 Ne4 13. 0-0 Nd7 14. Qc2 Qc6 15. Be3 f5 16. Ne1 0-0 17. f3 f4 18. fxe4 fxe3 19. Bf3 a5 20. Qe2 b4 21. Nc2 b3 22. Na3 Ba6 23. Qxe3 b2 24. Ra2 Rab8 25. Rb1 Qb6 26. Qf2 Qb3 27. Qxb2 Qa4 28. Qa1 Qc6 29. Nc2 Rb3 30. Rxa5 Bb7 31. Nb4 Qb6 32. Rc1 Nxe5 33. Bd1 Rxb4 34. cxb4 Nc6 35. Rc5 Qxb4 36. Bg4 Qd2 37. Bxe6+ Kh8 38. R5xc4 Qe3+ 39. Kh1 Qxe4 40. d5 Qe2 41. dxc6 Ba8 42. Rg4 1-0

[Event "SWE-chT 9900"]
[Site "Sweden"]
[Date "2000.??.??"]
[Round "11"]
[White "Hjelm, Niclas"]
[Black "Wikstrom, Per"]
[Result "1/2-1/2"]
[WhiteElo "2306"]
[BlackElo "2217"]
[PlyCount "88"]
[EventDate "1999.11.??"]
[EventType "team"]
[EventRounds "11"]
[EventCountry "SWE"]
[SourceTitle "EXT 2002"]
[Source "ChessBase"]
[SourceDate "2001.11.25"]
[SourceVersion "1"]
[SourceVersionDate "2001.11.25"]
[SourceQuality "1"]

1. d4 d5 2. c4 c6 3. Nc3 e6 4. e3 Nf6 5. Nf3 Nbd7 6. Bd3 dxc4 7. Bxc4 b5 8. Bd3 Bd6 9. 0-0 0-0 10. e4 e5 11. Bg5 Re8 12. d5 cxd5 13. Nxd5 a6 14. a4 bxa4 15. Qxa4 Bb7 16. Bc4 h6 17. Bh4 g5 18. Nxf6+ Nxf6 19. Qb3 Qe7 20. Bxg5 hxg5 21. Nxg5 Nxe4 22. Bxf7+ Kg7 23. Nxe4 Bxe4 24. Bxe8 Qxe8 25. Rfd1 Qg6 26. Qg3 Qxg3 27. hxg3 Bb4 28. Rac1 a5 29. f3 Bf5 30. Rd5 Kf6 31. Rc6+ Be6 32. f4 Rc8 33. fxe5+ Kf5 34. Rxc8 Bxd5 35. Kf2 Kxe5 36. g4 Be6 37. Re8 Kf6 38. Kg3 Be1+ 39. Kf4 Bd2+ 40. Kg3 Bc1 41. Ra8 Bd2 42. Rd8 Bc1 43. Ra8 Bd2 44. Rd8 Bc1 1/2-1/2

[Event "Skelleftea op"]
[Site "Skelleftea"]
[Date "2000.??.??"]
[Round "5"]
[White "Wikstrom, Per"]
[Black "Madsen, Dag"]
[Result "1/2-1/2"]
[WhiteElo "2244"]
[BlackElo "2294"]
[PlyCount "55"]
[EventDate "2000.??.??"]
[EventType "swiss"]
[EventRounds "9"]
[EventCountry "SWE"]
[SourceTitle "EXT 2001"]
[Source "ChessBase"]
[SourceDate "2000.11.22"]
[SourceVersion "1"]
[SourceVersionDate "2000.11.22"]
[SourceQuality "1"]

1. d4 d5 2. Nf3 Nf6 3. Bf4 c5 4. c3 Qb6 5. Qb3 Nc6 6. e3 c4 7. Qc2 Bf5 8. Qc1 e6 9. Nbd2 Qd8 10. Nh4 Bg4 11. h3 Bh5 12. g4 Bg6 13. Nxg6 hxg6 14. Bg2 Rc8 15. Qc2 Be7 16. 0-0 b5 17. Bg5 Qc7 18. f4 Bd6 19. Bxf6 gxf6 20. f5 gxf5 21. gxf5 e5 22. Bxd5 Rxh3 23. Rf3 Rh4 24. Nf1 Ke7 25. Rg3 Rch8 26. Rg7 Nd8 27. Re1 Kf8 28. Rg2 1/2-1/2

[Event "Oslo"]
[Site "Oslo"]
[Date "1999.??.??"]
[Round "6"]
[White "Elsness, Frode"]
[Black "Wikstrom, Per"]
[Result "1-0"]
[WhiteElo "2349"]
[BlackElo "2201"]
[PlyCount "81"]
[EventDate "1999.??.??"]
[EventType "tourn"]
[EventRounds "9"]
[EventCountry "NOR"]
[EventCategory "3"]
[SourceTitle "EXT 2001"]
[Source "ChessBase"]
[SourceDate "2000.11.22"]
[SourceVersion "1"]
[SourceVersionDate "2000.11.22"]
[SourceQuality "1"]

1. d4 d5 2. c4 c6 3. Nf3 e6 4. Nc3 dxc4 5. Bg5 Nf6 6. e4 Qa5 7. Bxf6 gxf6 8. Bxc4 b5 9. Bb3 Rg8 10. 0-0 b4 11. Ne2 Bd6 12. d5 Ke7 13. Ng3 Na6 14. Nd4 Nb8 15. dxe6 fxe6 16. Ndf5+ exf5 17. Bxg8 f4 18. Nf5+ Bxf5 19. Qh5 Nd7 20. exf5 Rxg8 21. Qxh7+ Kf8 22. Qxd7 Qd5 23. Qc8+ Kf7 24. Qe6+ Qxe6 25. fxe6+ Kxe6 26. Rfe1+ Be5 27. Rac1 f3 28. g3 Kd5 29. Rcd1+ Kc5 30. b3 a5 31. Re3 a4 32. Rxf3 axb3 33. axb3 Ra8 34. h4 Kb6 35. h5 Rh8 36. Rf5 c5 37. Kg2 Kc6 38. g4 Bd4 39. Kf3 Ra8 40. h6 Rh8 41. Rxd4 1-0

[Event "Oslo"]
[Site "Oslo"]
[Date "1999.??.??"]
[Round "2"]
[White "Sahl, Bjarke"]
[Black "Wikstrom, Per"]
[Result "1/2-1/2"]
[WhiteElo "2425"]
[BlackElo "2201"]
[PlyCount "45"]
[EventDate "1999.??.??"]
[EventType "tourn"]
[EventRounds "9"]
[EventCountry "NOR"]
[EventCategory "3"]
[SourceTitle "EXT 2001"]
[Source "ChessBase"]
[SourceDate "2000.11.22"]
[SourceVersion "1"]
[SourceVersionDate "2000.11.22"]
[SourceQuality "1"]

1. e4 e6 2. d4 d5 3. Nd2 c5 4. Ngf3 cxd4 5. exd5 Qxd5 6. Bc4 Qd6 7. Qe2 Nf6 8. 0-0 Nc6 9. Re1 a6 10. Ne4 Qc7 11. Bg5 Be7 12. Rad1 b5 13. Bb3 Bb7 14. Bh4 Na5 15. Bg3 Qb6 16. Neg5 Nxb3 17. axb3 0-0 18. Be5 h6 19. Bxd4 Qc6 20. Nh3 Rac8 21. c3 Rfd8 22. Nf4 Qe4 23. Qxe4 1/2-1/2